01246nam a2200217 a 450000100100000000500170001000800410002702000180006804000250008624501640011126001170027530000370039250500650042970000360049470000250053095201200055595201200067595201050079595201110090099900170101100003850020201002031259.0130412s2011 dr ad 000 0 spa d a9789945164947 aDO-SdBNPbspacBNPHU00a¿Otro techo de cristal? :bla brecha digital de género en la República Dominicana /cInvestigadora Amparo Arango Echeverri ; presentación Magaly Pineda. aSanto Domingo :bFondo para la Igualdad de GénerobCentro de Investigación para la Acción Femenina,c2011. a218 p. :bil., gráf. ;c29 cm.0 tSofware --tMecatrónica --tMultimedia --tInfómatica --1 aArango Echeverri, Amparo9648541 aPineda, Magaly98552 001054708DSaGRbGRcHDd2013-04-12iLF1l0o p38500-30r2020-06-25te. 3w2020-06-25yLFDSZPréstamo en sala 001054708DSaGRbGRcHDd2015-04-17iLF1l0o p38500-40r2020-06-25te. 4w2020-06-25yLFDSZPréstamo en sala 0010718PDaPDbPDcHDd2013-04-12iLF1l0o p38500-10r2020-06-25w2020-06-25yLFPDZNo se presta 0010718PDaPDbPDcHDd2013-04-12iLF1l0o p38500-20r2020-06-25te. 2w2020-06-25yLFPDZNo se presta c37990d37990